000 00888nas a2200301 4500
001 BR0203880
003 BR-BrBNA
005 20231205103140.0
007 ta
008 230509b bl.|||p| |||| 00| 00por d
040 _aBR-BrBNA
_bpor
_cBiblioteca Nacional de Agricultura
041 _a(Pt)
072 _aP34; F04
100 1 _aNarloch, C.
100 1 _aOliveira, V.L. de
100 1 _aAnjos, J.T. dos
100 1 _aSilva Filho, G.N.
245 1 _aRespostas da cultura do rabanete à inoculação de fungos solubilizadores de fosfatos
650 _aRABANETE
650 _aFUNGO
650 _aINOCULAÇÃO
650 _aFÓSFORO
650 _aSOLUBILIZAÇÃO
650 _aESTUFA
773 0 _tPesquisa Agropecuária Brasileira (Brazil)
_xISSN 0100-204X
_g(Jun 2002), v. 37(6) p. 841-845
_wBR0203880
909 _a202311
_bLúcia
_c55
_dLúcia Elande
942 _2AGRIS
_n0
_cANA
999 _c171344
_d171344